000 00716nam a2200205Ii 4500
001 10445
003 CO-ViMGA
008 241108s9999||||xx |||||||||||||| ||und||
040 _aCO-ViMGA
_bspa
_erda
_cCO-ViMGA
041 0 _aunk
082 0 4 _a338.1-S996
100 1 _aEdward F Szczepanik
_954268
245 1 0 _a<La> Formación de capital agrícola en algunos paises en desarrollo
264 1 _a[Lugar de publicación no identificado] : Organización de las Naciones Unidas para la Agricultura y la Alimentación FAO, 1971
300 _avolumen
336 _atext
_btxt
_2rdacontent
337 _aunmediated
_bn
_2rdamedia
338 _avolume
_bnc
_2rdacarrier
940 _aidficha_siabuc: 10193. -- ficha_no_siabuc:10445
999 _c51191
_d51191